| 000 | 00375nam a2200121Ia 4500 | ||
|---|---|---|---|
| 008 | 220216s9999 xx 000 0 und d | ||
| 100 | _aNair N U | ||
| 245 | 0 | _aPossible application of the ratio HMG CoA to mevalonate i the bark of Hevea brasiliensis as an indicator of rubber yield | |
| 650 | _aHMG CoA | ||
| 650 | _aRubber biosynthesis | ||
| 700 | _aKurup P A | ||
| 942 | _cJS | ||
| 999 |
_c65341 _d65341 |
||